[Event "DEM U10w 2024"]
[Site "Willingen GER"]
[Date "2024.05.22"]
[Round "6"]
[White "Shynkar, Daria"]
[Black "Elsayed Esam, Sally"]
[Result "0-1"]
[Termination "normal"]
[Board "1"]
[WhiteElo "1661"]
[BlackElo "1584"]
[WhiteClock "00:16:43"]
[BlackClock "00:07:30"]
[PlyCount "96"]
[WhiteFideId "34163212"]
[BlackFideId "34662170"]
[EventCountry "GER"]
[EventRounds "11"]
[EventType "swiss"]
[EventDate "2024.05.18"]

1. d4 {[%clk 01:15:59]} d5 {[%clk 01:15:54]} {[%emt 00:00:07]} 2. c4 {[%clk
01:16:24]} {[%emt 00:00:04]} c6 {[%clk 01:16:17]} {[%emt 00:00:06]} 3. e3
{[%clk 01:16:49]} {[%emt 00:00:05]} Nf6 {[%clk 01:16:41]} {[%emt 00:00:07]} 4.
Nc3 {[%clk 01:17:14]} {[%emt 00:00:05]} Bf5 {[%clk 01:16:59]} {[%emt 00:00:12]}
5. cxd5 {[%clk 01:17:35]} {[%emt 00:00:08]} cxd5 {[%clk 01:17:22]} {[%emt
00:00:07]} 6. Qb3 {[%clk 01:17:31]} {[%emt 00:00:34]} Nc6 {[%clk 01:17:20]}
{[%emt 00:00:33]} 7. Bb5 {[%clk 01:05:08]} {[%emt 00:12:52]} Rb8 {[%clk
01:10:16]} {[%emt 00:07:34]} 8. Nf3 {[%clk 01:04:28]} {[%emt 00:01:10]} a6
{[%clk 01:07:40]} {[%emt 00:03:07]} 9. Bxc6+ {[%clk 01:04:37]} {[%emt
00:00:20]} bxc6 {[%clk 01:07:41]} {[%emt 00:00:29]} 10. Qa4 {[%clk 01:04:55]}
{[%emt 00:00:09]} Qc8 {[%clk 00:49:31]} {[%emt 00:18:42]} 11. Ne5 {[%clk
01:03:13]} {[%emt 00:02:13]} Bd7 {[%clk 00:46:54]} {[%emt 00:03:07]} 12. O-O
{[%clk 00:59:52]} {[%emt 00:03:50]} e6 {[%clk 00:47:08]} {[%emt 00:00:16]} 13.
f3 {[%clk 00:56:15]} {[%emt 00:04:07]} c5 {[%clk 00:45:37]} {[%emt 00:02:02]}
14. Nxd7 {[%clk 00:56:27]} {[%emt 00:00:18]} Nxd7 {[%clk 00:46:00]} {[%emt
00:00:07]} 15. Qc2 {[%clk 00:52:39]} {[%emt 00:04:15]} cxd4 {[%clk 00:44:30]}
{[%emt 00:02:03]} 16. exd4 {[%clk 00:51:50]} {[%emt 00:01:14]} Bd6 {[%clk
00:43:10]} {[%emt 00:01:55]} 17. f4 {[%clk 00:46:15]} {[%emt 00:06:05]} O-O
{[%clk 00:40:46]} {[%emt 00:02:54]} 18. Rf3 {[%clk 00:42:38]} {[%emt 00:04:07]}
Bb4 {[%clk 00:36:34]} {[%emt 00:04:42]} 19. a3 {[%clk 00:40:58]} {[%emt
00:02:10]} Bxc3 {[%clk 00:36:21]} {[%emt 00:00:42]} 20. Rxc3 {[%clk 00:41:11]}
{[%emt 00:00:17]} Qd8 {[%clk 00:36:02]} {[%emt 00:00:49]} 21. Rg3 {[%clk
00:40:11]} {[%emt 00:01:26]} Qh4 {[%clk 00:29:08]} {[%emt 00:07:27]} 22. Bd2
{[%clk 00:37:33]} {[%emt 00:03:05]} Rfc8 {[%clk 00:26:40]} {[%emt 00:03:01]}
23. Qd3 {[%clk 00:34:53]} {[%emt 00:03:06]} h6 {[%clk 00:25:18]} {[%emt
00:01:57]} 24. b4 {[%clk 00:32:53]} {[%emt 00:02:30]} Nf6 {[%clk 00:21:31]}
{[%emt 00:04:18]} 25. Qe2 {[%clk 00:21:57]} {[%emt 00:11:13]} Ne4 {[%clk
00:20:37]} {[%emt 00:01:36]} 26. Rg4 {[%clk 00:21:30]} {[%emt 00:00:54]} Qf6
{[%clk 00:19:50]} {[%emt 00:01:19]} 27. Be3 {[%clk 00:20:01]} {[%emt 00:01:58]}
h5 {[%clk 00:09:30]} {[%emt 00:06:15]} 28. Rg5 {[%clk 00:19:56]} {[%emt
00:05:12]} Nxg5 {[%clk 00:09:48]} {[%emt 00:00:11]} 29. fxg5 {[%clk 00:20:25]}
{[%emt 00:00:02]} Qf5 {[%clk 00:09:48]} {[%emt 00:00:29]} 30. Qxh5 {[%clk
00:19:17]} {[%emt 00:01:39]} Rc2 {[%clk 00:09:15]} {[%emt 00:01:04]} 31. Rf1
{[%clk 00:18:45]} {[%emt 00:00:59]} Qg6 {[%clk 00:09:08]} {[%emt 00:00:39]} 32.
Qf3 {[%clk 00:18:29]} {[%emt 00:00:39]} Rf8 {[%clk 00:08:47]} {[%emt 00:00:58]}
33. Bf4 {[%clk 00:13:47]} {[%emt 00:05:07]} Rfc8 {[%clk 00:08:08]} {[%emt
00:01:14]} 34. Bg3 {[%clk 00:07:49]} {[%emt 00:06:26]} R8c3 {[%clk 00:07:05]}
{[%emt 00:01:35]} 35. Qf4 {[%clk 00:06:57]} {[%emt 00:01:18]} Rxa3 {[%clk
00:06:37]} {[%emt 00:01:03]} 36. Qb8+ {[%clk 00:04:47]} {[%emt 00:02:41]} Kh7
{[%clk 00:06:51]} {[%emt 00:00:14]} 37. Qf4 {[%clk 00:05:00]} {[%emt 00:00:14]}
Raa2 {[%clk 00:03:34]} {[%emt 00:03:51]} 38. Bf2 {[%clk 00:04:32]} {[%emt
00:00:56]} Qf5 {[%clk 00:02:51]} {[%emt 00:01:12]} 39. Qh4+ {[%clk 00:04:31]}
{[%emt 00:00:32]} Kg8 {[%clk 00:02:56]} {[%emt 00:00:27]} 40. Qg3 {[%clk
00:04:30]} {[%emt 00:00:30]} g6 {[%clk 00:02:33]} {[%emt 00:00:55]} 41. Qb8+
{[%clk 00:04:28]} {[%emt 00:00:32]} Kg7 {[%clk 00:02:37]} {[%emt 00:00:26]} 42.
Qg3 {[%clk 00:04:11]} {[%emt 00:00:44]} Rab2 {[%clk 00:14:46]} {[%emt
00:03:23]} 43. Qh4 {[%clk 00:18:52]} {[%emt 00:00:44]} Kg8 {[%clk 00:13:38]}
{[%emt 00:01:43]} 44. h3 {[%clk 00:18:05]} {[%emt 00:01:17]} Qe4 {[%clk
00:11:17]} {[%emt 00:02:50]} 45. Qg3 {[%clk 00:17:16]} {[%emt 00:01:18]} Rxb4
{[%clk 00:09:03]} {[%emt 00:02:46]} 46. Qd6 {[%clk 00:17:30]} {[%emt 00:00:10]}
Rbb2 {[%clk 00:08:47]} {[%emt 00:00:51]} 47. Qd8+ {[%clk 00:17:50]} {[%emt
00:00:08]} Kh7 {[%clk 00:08:49]} {[%emt 00:00:30]} 48. Qe7 {[%clk 00:16:43]}
{[%emt 00:01:33]} Qf4 {[%clk 00:07:30]} {[%emt 00:01:42]} 0-1

[Event "DEM U10w 2024"]
[Site "Willingen GER"]
[Date "2024.05.22"]
[Round "6"]
[White "Xu, Dorothea Sicheng"]
[Black "Artemenko, Isabella"]
[Result "1-0"]
[Termination "normal"]
[Board "2"]
[WhiteElo "1255"]
[BlackElo "1237"]
[WhiteClock "00:42:55"]
[BlackClock "00:39:51"]
[PlyCount "49"]
[WhiteFideId "34667539"]
[BlackFideId "34639616"]
[EventCountry "GER"]
[EventRounds "11"]
[EventType "swiss"]
[EventDate "2024.05.18"]

1. e4 {[%clk 01:15:58]} {[%emt 00:00:02]} d5 {[%clk 01:15:56]} {[%emt
00:00:04]} 2. exd5 {[%clk 01:16:23]} {[%emt 00:00:05]} Qxd5 {[%clk 01:16:20]}
{[%emt 00:00:07]} 3. Nc3 {[%clk 01:16:45]} {[%emt 00:00:07]} Qa5 {[%clk
01:16:44]} {[%emt 00:00:05]} 4. d4 {[%clk 01:16:59]} {[%emt 00:00:16]} Nf6
{[%clk 01:17:03]} {[%emt 00:00:12]} 5. Bc4 {[%clk 01:16:56]} {[%emt 00:00:33]}
Bg4 {[%clk 01:16:48]} {[%emt 00:00:44]} 6. Nge2 {[%clk 01:09:08]} {[%emt
00:08:19]} c6 {[%clk 01:12:26]} {[%emt 00:04:52]} 7. Bd2 {[%clk 01:07:08]}
{[%emt 00:02:29]} Nbd7 {[%clk 01:11:29]} {[%emt 00:01:28]} 8. Nd5 {[%clk
01:03:03]} {[%emt 00:04:35]} Qd8 {[%clk 01:11:48]} {[%emt 00:00:10]} 9. Nxf6+
{[%clk 01:03:00]} {[%emt 00:00:34]} gxf6 {[%clk 01:11:06]} {[%emt 00:01:12]}
10. O-O {[%clk 01:02:37]} {[%emt 00:00:53]} Nb6 {[%clk 01:10:38]} {[%emt
00:00:58]} 11. Bb3 {[%clk 01:02:06]} {[%emt 00:01:01]} Bxe2 {[%clk 00:54:08]}
{[%emt 00:17:00]} 12. Qxe2 {[%clk 01:00:21]} {[%emt 00:02:15]} Qxd4 {[%clk
00:54:11]} {[%emt 00:00:28]} 13. Bc3 {[%clk 00:56:08]} {[%emt 00:04:42]} Qf4
{[%clk 00:54:17]} {[%emt 00:00:21]} 14. Qh5 {[%clk 00:51:08]} {[%emt 00:05:33]}
e6 {[%clk 00:50:42]} {[%emt 00:04:05]} 15. Bxe6 {[%clk 00:48:26]} {[%emt
00:03:12]} Qc7 {[%clk 00:49:36]} {[%emt 00:01:35]} 16. Bxf6 {[%clk 00:47:03]}
{[%emt 00:01:54]} Rg8 {[%clk 00:49:38]} {[%emt 00:00:25]} 17. Qxh7 {[%clk
00:46:12]} {[%emt 00:01:24]} Rg6 {[%clk 00:49:35]} {[%emt 00:00:32]} 18. Rfe1
{[%clk 00:44:05]} {[%emt 00:02:37]} Rxf6 {[%clk 00:48:15]} {[%emt 00:01:51]}
19. Bxf7+ {[%clk 00:44:07]} {[%emt 00:00:28]} Kd7 {[%clk 00:48:33]} {[%emt
00:00:12]} 20. Rad1+ {[%clk 00:43:44]} {[%emt 00:00:53]} Nd5 {[%clk 00:46:12]}
{[%emt 00:02:51]} 21. Bxd5+ {[%clk 00:43:19]} {[%emt 00:00:55]} Kc8 {[%clk
00:41:43]} {[%emt 00:04:59]} 22. Re8+ {[%clk 00:42:38]} {[%emt 00:01:11]} Qd8
{[%clk 00:42:03]} {[%emt 00:00:09]} 23. Rxd8+ {[%clk 00:42:55]} {[%emt
00:00:14]} Kxd8 {[%clk 00:42:29]} {[%emt 00:00:04]} 24. Bxc6+ {[%clk 00:42:55]}
{[%emt 00:00:29]} Bd6 {[%clk 00:39:51]} {[%emt 00:03:09]} 25. Qd7# {[%emt
00:00:12]} 1-0

[Event "DEM U10w 2024"]
[Site "Willingen GER"]
[Date "2024.05.22"]
[Round "6"]
[White "Chen, Yuefan"]
[Black "Tu, Tiffany"]
[Result "0-1"]
[Termination "normal"]
[Board "3"]
[WhiteElo "1682"]
[BlackElo "1618"]
[WhiteClock "00:11:42"]
[BlackClock "00:12:38"]
[PlyCount "74"]
[WhiteFideId "34653910"]
[BlackFideId "34628576"]
[EventCountry "GER"]
[EventRounds "11"]
[EventType "swiss"]
[EventDate "2024.05.18"]

1. d4 {[%clk 01:15:58]} {[%emt 00:00:02]} d5 {[%clk 01:15:57]} {[%emt
00:00:04]} 2. c4 {[%clk 01:16:22]} {[%emt 00:00:06]} e6 {[%clk 01:16:24]}
{[%emt 00:00:03]} 3. Nc3 {[%clk 01:16:45]} {[%emt 00:00:07]} c6 {[%clk
01:16:39]} {[%emt 00:00:15]} 4. e3 {[%clk 01:17:07]} {[%emt 00:00:08]} f5
{[%clk 01:16:58]} {[%emt 00:00:11]} 5. Nf3 {[%clk 01:14:14]} {[%emt 00:03:23]}
Nf6 {[%clk 01:16:03]} {[%emt 00:01:24]} 6. Ne5 {[%clk 01:13:36]} {[%emt
00:01:09]} Nbd7 {[%clk 01:16:13]} {[%emt 00:00:19]} 7. f4 {[%clk 01:11:30]}
{[%emt 00:02:36]} Bd6 {[%clk 01:13:28]} {[%emt 00:03:12]} 8. Be2 {[%clk
01:11:02]} {[%emt 00:01:01]} Ne4 {[%clk 01:12:50]} {[%emt 00:01:09]} 9. Nxe4
{[%clk 01:08:17]} {[%emt 00:03:15]} dxe4 {[%clk 01:12:03]} {[%emt 00:01:16]}
10. O-O {[%clk 01:03:41]} {[%emt 00:05:07]} O-O {[%clk 01:11:07]} {[%emt
00:01:25]} 11. Kh1 {[%clk 00:56:14]} {[%emt 00:07:57]} Qh4 {[%clk 01:08:06]}
{[%emt 00:03:31]} 12. g4 {[%clk 00:53:35]} {[%emt 00:03:09]} g5 {[%clk
00:56:11]} {[%emt 00:12:25]} 13. Rg1 {[%clk 00:49:50]} {[%emt 00:04:15]} Kh8
{[%clk 00:55:22]} {[%emt 00:01:20]} 14. gxf5 {[%clk 00:48:20]} {[%emt
00:02:00]} gxf4 {[%clk 00:47:51]} {[%emt 00:07:59]} 15. exf4 {[%clk 00:47:50]}
{[%emt 00:01:01]} exf5 {[%clk 00:47:21]} {[%emt 00:01:00]} 16. Bh5 {[%clk
00:46:43]} {[%emt 00:01:38]} Nf6 {[%clk 00:46:04]} {[%emt 00:01:46]} 17. Rg5
{[%clk 00:36:35]} {[%emt 00:10:39]} Be6 {[%clk 00:36:39]} {[%emt 00:09:54]} 18.
Qe2 {[%clk 00:28:48]} {[%emt 00:08:17]} Bxe5 {[%clk 00:32:18]} {[%emt
00:04:48]} 19. dxe5 {[%clk 00:27:02]} {[%emt 00:02:19]} Bxc4 {[%clk 00:27:54]}
{[%emt 00:04:54]} 20. Qd2 {[%clk 00:23:04]} {[%emt 00:04:27]} Nxh5 {[%clk
00:23:58]} {[%emt 00:04:26]} 21. e6 {[%clk 00:21:24]} {[%emt 00:02:10]} Bxe6
{[%clk 00:19:29]} {[%emt 00:05:00]} 22. b3 {[%clk 00:20:25]} {[%emt 00:01:29]}
Bd5 {[%clk 00:16:17]} {[%emt 00:03:41]} 23. Kg1 {[%clk 00:18:56]} {[%emt
00:01:59]} h6 {[%clk 00:15:34]} {[%emt 00:01:14]} 24. Qc3+ {[%clk 00:13:25]}
{[%emt 00:06:00]} Kh7 {[%clk 00:14:43]} {[%emt 00:01:20]} 25. Rg2 {[%clk
00:09:20]} {[%emt 00:04:36]} Rg8 {[%clk 00:12:05]} {[%emt 00:03:08]} 26. Bb2
{[%clk 00:08:21]} {[%emt 00:01:29]} Rxg2+ {[%clk 00:11:34]} {[%emt 00:01:02]}
27. Kxg2 {[%clk 00:08:45]} {[%emt 00:00:06]} Rg8+ {[%clk 00:11:28]} {[%emt
00:00:36]} 28. Kf1 {[%clk 00:08:56]} {[%emt 00:00:18]} Qxf4+ {[%clk 00:11:36]}
{[%emt 00:00:22]} 29. Ke2 {[%clk 00:08:57]} {[%emt 00:00:29]} Qxh2+ {[%clk
00:11:07]} {[%emt 00:00:58]} 30. Ke3 {[%clk 00:09:01]} {[%emt 00:00:27]} Rg3+
{[%clk 00:11:16]} {[%emt 00:00:21]} 31. Kd4 {[%clk 00:09:25]} {[%emt 00:00:07]}
Qf2+ {[%clk 00:11:17]} {[%emt 00:00:28]} 32. Ke5 {[%clk 00:09:49]} {[%emt
00:00:07]} Rxc3 {[%clk 00:11:13]} {[%emt 00:00:34]} 33. Bxc3 {[%clk 00:10:14]}
{[%emt 00:00:05]} Qf4+ {[%clk 00:11:13]} {[%emt 00:00:30]} 34. Kd4 {[%clk
00:10:36]} {[%emt 00:00:08]} e3+ {[%clk 00:11:31]} {[%emt 00:00:12]} 35. Kd3
{[%clk 00:10:59]} {[%emt 00:00:07]} Qe4+ {[%clk 00:11:48]} {[%emt 00:00:12]}
36. Ke2 {[%clk 00:11:22]} {[%emt 00:00:07]} Ng3+ {[%clk 00:12:15]} {[%emt
00:00:04]} 37. Ke1 {[%clk 00:11:42]} {[%emt 00:00:09]} Qh1# {[%clk 00:12:38]}
{[%emt 00:00:07]} 0-1

[Event "DEM U10w 2024"]
[Site "Willingen GER"]
[Date "2024.05.22"]
[Round "6"]
[White "Lukas, Olivia"]
[Black "Kühn, Nicole"]
[Result "1-0"]
[Termination "normal"]
[Board "4"]
[WhiteElo "1569"]
[BlackElo "1477"]
[WhiteClock "00:11:18"]
[BlackClock "00:06:46"]
[PlyCount "171"]
[WhiteFideId "34632239"]
[BlackFideId "34610510"]
[EventCountry "GER"]
[EventRounds "11"]
[EventType "swiss"]
[EventDate "2024.05.18"]

1. e4 {[%clk 01:15:50]} {[%emt 00:00:08]} e5 {[%clk 01:15:26]} {[%emt
00:00:35]} 2. Nf3 {[%clk 01:16:13]} {[%emt 00:00:07]} Nc6 {[%clk 01:14:25]}
{[%emt 00:01:31]} 3. Bc4 {[%clk 01:16:34]} {[%emt 00:00:09]} Be7 {[%clk
01:13:25]} {[%emt 00:01:29]} 4. c3 {[%clk 01:16:40]} {[%emt 00:00:25]} Nf6
{[%clk 01:12:24]} {[%emt 00:01:31]} 5. d3 {[%clk 01:16:59]} {[%emt 00:00:11]}
d6 {[%clk 01:11:19]} {[%emt 00:01:35]} 6. O-O {[%clk 01:17:04]} {[%emt
00:00:24]} h6 {[%clk 01:10:10]} {[%emt 00:01:40]} 7. b4 {[%clk 01:13:54]}
{[%emt 00:03:39]} O-O {[%clk 01:08:08]} {[%emt 00:02:32]} 8. Re1 {[%clk
01:13:39]} {[%emt 00:00:45]} Be6 {[%clk 01:05:00]} {[%emt 00:03:40]} 9. Bb3
{[%clk 01:13:37]} {[%emt 00:00:31]} Bxb3 {[%clk 00:58:58]} {[%emt 00:06:33]}
10. axb3 {[%clk 01:13:40]} {[%emt 00:00:26]} a6 {[%clk 00:57:07]} {[%emt
00:02:20]} 11. Nbd2 {[%clk 01:13:29]} {[%emt 00:00:42]} Re8 {[%clk 00:55:11]}
{[%emt 00:02:26]} 12. Nf1 {[%clk 01:11:31]} {[%emt 00:02:26]} Bf8 {[%clk
00:54:08]} {[%emt 00:01:34]} 13. h3 {[%clk 01:10:58]} {[%emt 00:01:03]} Qd7
{[%clk 00:52:15]} {[%emt 00:02:24]} 14. Ne3 {[%clk 01:09:28]} {[%emt 00:01:59]}
Rad8 {[%clk 00:49:30]} {[%emt 00:03:15]} 15. Nd5 {[%clk 01:02:11]} {[%emt
00:07:47]} Re6 {[%clk 00:42:54]} {[%emt 00:07:05]} 16. Bd2 {[%clk 01:01:25]}
{[%emt 00:01:16]} Ne7 {[%clk 00:41:38]} {[%emt 00:01:47]} 17. c4 {[%clk
01:00:23]} {[%emt 00:01:32]} c6 {[%clk 00:38:54]} {[%emt 00:03:14]} 18. Ne3
{[%clk 00:57:26]} {[%emt 00:03:26]} Ng6 {[%clk 00:36:41]} {[%emt 00:02:43]} 19.
Nf5 {[%clk 00:55:22]} {[%emt 00:02:34]} Nh7 {[%clk 00:29:29]} {[%emt 00:07:43]}
20. Nh2 {[%clk 00:53:03]} {[%emt 00:02:48]} d5 {[%clk 00:26:56]} {[%emt
00:03:03]} 21. Be3 {[%clk 00:47:12]} {[%emt 00:06:21]} Bxb4 {[%clk 00:25:06]}
{[%emt 00:02:21]} 22. Rf1 {[%clk 00:46:25]} {[%emt 00:01:16]} d4 {[%clk
00:23:38]} {[%emt 00:01:59]} 23. Bc1 {[%clk 00:46:35]} {[%emt 00:00:20]} Bc3
{[%clk 00:23:16]} {[%emt 00:00:52]} 24. Rb1 {[%clk 00:45:52]} {[%emt 00:01:13]}
b5 {[%clk 00:21:51]} {[%emt 00:01:56]} 25. h4 {[%clk 00:44:36]} {[%emt
00:01:44]} b4 {[%clk 00:20:02]} {[%emt 00:02:20]} 26. Qf3 {[%clk 00:43:13]}
{[%emt 00:01:53]} Ne7 {[%clk 00:17:49]} {[%emt 00:02:44]} 27. g4 {[%clk
00:39:14]} {[%emt 00:08:03]} Nxf5 {[%clk 00:13:28]} {[%emt 00:02:17]} 28. gxf5
{[%clk 00:39:28]} {[%emt 00:00:16]} Rd6 {[%clk 00:12:09]} {[%emt 00:01:49]} 29.
Kh1 {[%clk 00:38:50]} {[%emt 00:01:07]} Qe7 {[%clk 00:11:57]} {[%emt 00:00:42]}
30. Qg3 {[%clk 00:37:07]} {[%emt 00:02:13]} Kh8 {[%clk 00:11:28]} {[%emt
00:00:58]} 31. Rg1 {[%clk 00:35:50]} {[%emt 00:01:46]} Rg8 {[%clk 00:11:31]}
{[%emt 00:00:28]} 32. f4 {[%clk 00:34:21]} {[%emt 00:01:59]} exf4 {[%clk
00:11:04]} {[%emt 00:00:58]} 33. Bxf4 {[%clk 00:33:16]} {[%emt 00:01:34]} Rdd8
{[%clk 00:10:58]} {[%emt 00:00:37]} 34. Nf3 {[%clk 00:27:40]} {[%emt 00:06:25]}
Nf6 {[%clk 00:10:53]} {[%emt 00:00:35]} 35. Be5 {[%clk 00:18:23]} {[%emt
00:09:46]} Rde8 {[%clk 00:10:44]} {[%emt 00:00:39]} 36. Rbc1 {[%clk 00:12:53]}
{[%emt 00:06:00]} c5 {[%clk 00:10:23]} {[%emt 00:00:51]} 37. Rc2 {[%clk
00:11:34]} {[%emt 00:01:49]} Nh5 {[%clk 00:08:24]} {[%emt 00:02:25]} 38. Qg2
{[%clk 00:10:58]} {[%emt 00:01:09]} a5 {[%clk 00:07:12]} {[%emt 00:01:43]} 39.
Ra2 {[%clk 00:08:54]} {[%emt 00:02:34]} Ra8 {[%clk 00:06:14]} {[%emt 00:01:27]}
40. Ra4 {[%clk 00:08:10]} {[%emt 00:01:15]} Qd8 {[%clk 00:04:22]} {[%emt
00:02:14]} 41. Qf1 {[%clk 00:14:58]} {[%emt 00:09:13]} Qe7 {[%clk 00:19:15]}
{[%emt 00:00:38]} 42. Qc1 {[%clk 00:13:34]} {[%emt 00:01:54]} f6 {[%clk
00:16:38]} {[%emt 00:03:07]} 43. Bh2 {[%clk 00:13:16]} {[%emt 00:00:47]} Qd8
{[%clk 00:15:54]} {[%emt 00:01:03]} 44. Rg6 {[%clk 00:13:14]} {[%emt 00:00:43]}
Qe7 {[%clk 00:14:51]} {[%emt 00:01:34]} 45. Qg1 {[%clk 00:12:10]} {[%emt
00:01:33]} Qb7 {[%clk 00:13:06]} {[%emt 00:02:14]} 46. Qg4 {[%clk 00:11:18]}
{[%emt 00:01:22]} Qd7 {[%clk 00:12:35]} {[%emt 00:00:57]} 47. Qxh5 {[%clk
00:11:26]} {[%emt 00:00:26]} Qb7 {[%clk 00:12:22]} {[%emt 00:00:37]} 48. Qg4
{[%clk 00:11:40]} {[%emt 00:00:23]} Ra7 {[%clk 00:12:22]} {[%emt 00:00:27]} 49.
Qg2 {[%clk 00:11:59]} {[%emt 00:00:14]} Qd7 {[%clk 00:12:10]} {[%emt 00:00:40]}
50. Ng1 {[%clk 00:12:06]} {[%emt 00:00:25]} Be1 {[%clk 00:11:54]} {[%emt
00:00:44]} 51. h5 {[%clk 00:12:06]} {[%emt 00:00:32]} Bc3 {[%clk 00:11:54]}
{[%emt 00:00:30]} 52. Nh3 {[%clk 00:12:27]} {[%emt 00:00:08]} Qb7 {[%clk
00:11:33]} {[%emt 00:00:43]} 53. Nf4 {[%clk 00:12:30]} {[%emt 00:00:35]} Qd7
{[%clk 00:11:30]} {[%emt 00:00:27]} 54. Nd5 {[%clk 00:12:22]} {[%emt 00:00:45]}
Qf7 {[%clk 00:11:32]} {[%emt 00:00:23]} 55. Qg3 {[%clk 00:11:25]} {[%emt
00:01:32]} Qd7 {[%clk 00:11:31]} {[%emt 00:00:30]} 56. Qd6 {[%clk 00:09:58]}
{[%emt 00:01:58]} Qxd6 {[%clk 00:11:16]} {[%emt 00:00:46]} 57. Bxd6 {[%clk
00:10:19]} {[%emt 00:00:09]} Rc8 {[%clk 00:11:02]} {[%emt 00:00:40]} 58. Kg2
{[%emt 00:01:29]} Ra6 {[%clk 00:10:14]} {[%emt 00:00:02]} 59. Bf4 {[%clk
00:10:30]} {[%emt 00:00:39]} Ra7 {[%clk 00:09:51]} {[%emt 00:00:46]} 60. Kf3
{[%clk 00:10:20]} {[%emt 00:00:47]} Be1 {[%clk 00:09:48]} {[%emt 00:00:32]} 61.
Kg4 {[%clk 00:09:56]} {[%emt 00:01:10]} Bf2 {[%clk 00:09:06]} {[%emt 00:01:12]}
62. Bh2 {[%clk 00:09:27]} {[%emt 00:00:57]} Rd8 {[%clk 00:08:52]} {[%emt
00:00:41]} 63. Nf4 {[%clk 00:09:28]} {[%emt 00:00:34]} Be3 {[%clk 00:08:42]}
{[%emt 00:00:41]} 64. Ne6 {[%clk 00:09:26]} {[%emt 00:00:31]} Rc8 {[%clk
00:08:45]} {[%emt 00:00:23]} 65. Bf4 {[%clk 00:08:59]} {[%emt 00:01:01]} Bg1
{[%clk 00:07:49]} {[%emt 00:01:22]} 66. Kf3 {[%clk 00:08:34]} {[%emt 00:00:59]}
Be3 {[%clk 00:07:46]} {[%emt 00:00:33]} 67. Bxe3 {[%clk 00:08:47]} {[%emt
00:00:16]} dxe3 {[%clk 00:08:07]} {[%emt 00:00:09]} 68. Kxe3 {[%clk 00:09:04]}
{[%emt 00:00:13]} Kg8 {[%clk 00:07:57]} {[%emt 00:00:38]} 69. Ke2 {[%clk
00:08:37]} {[%emt 00:01:00]} Rc6 {[%clk 00:07:10]} {[%emt 00:01:12]} 70. Nf4
{[%clk 00:08:41]} {[%emt 00:00:29]} Rca6 {[%clk 00:07:02]} {[%emt 00:00:37]}
71. Nd5 {[%clk 00:08:52]} {[%emt 00:00:20]} Rd6 {[%clk 00:06:41]} {[%emt
00:00:50]} 72. e5 {[%clk 00:08:38]} {[%emt 00:00:47]} Rxd5 {[%clk 00:06:18]}
{[%emt 00:00:53]} 73. cxd5 {[%clk 00:08:32]} {[%emt 00:00:35]} Re7 {[%clk
00:06:07]} {[%emt 00:00:39]} 74. e6 {[%clk 00:08:49]} {[%emt 00:00:14]} Ra7
{[%clk 00:06:07]} {[%emt 00:00:29]} 75. d6 {[%clk 00:09:10]} {[%emt 00:00:09]}
Kf8 {[%clk 00:05:34]} {[%emt 00:01:04]} 76. d7 {[%clk 00:09:19]} {[%emt
00:00:21]} Ra8 {[%clk 00:05:52]} {[%emt 00:00:12]} 77. Rxa5 {[%clk 00:09:42]}
{[%emt 00:00:07]} Rd8 {[%clk 00:05:42]} {[%emt 00:00:37]} 78. Rxc5 {[%clk
00:10:03]} {[%emt 00:00:12]} Ke7 {[%clk 00:05:32]} {[%emt 00:00:41]} 79. Rxg7+
{[%clk 00:10:13]} {[%emt 00:00:19]} Kd6 {[%clk 00:05:31]} {[%emt 00:00:32]} 80.
e7 {[%clk 00:10:26]} {[%emt 00:00:15]} Rxd7 {[%clk 00:05:30]} {[%emt 00:00:32]}
81. e8=Q {[%clk 00:10:42]} {[%emt 00:00:13]} Kxc5 {[%clk 00:05:32]} {[%emt
00:00:29]} 82. Qxd7 {[%clk 00:10:47]} {[%emt 00:00:25]} Kb6 {[%clk 00:05:51]}
{[%emt 00:00:11]} 83. Qc7+ {[%clk 00:10:29]} {[%emt 00:00:48]} Kb5 {[%clk
00:06:10]} {[%emt 00:00:11]} 84. Qc8 {[%clk 00:10:32]} {[%emt 00:00:27]} Kb6
{[%clk 00:06:24]} {[%emt 00:00:15]} 85. Rb7+ {[%clk 00:10:55]} {[%emt
00:00:07]} Ka6 {[%clk 00:06:46]} {[%emt 00:00:09]} 86. Qa8# {[%clk 00:11:18]}
{[%emt 00:00:05]} 1-0